Normal view MARC view

Entry Personal Name

Number of records used in: 1

001 - CONTROL NUMBER

  • control field: 60388

003 - CONTROL NUMBER IDENTIFIER

  • control field: OSt

005 - DATE AND TIME OF LATEST TRANSACTION

  • control field: 20260506144350.0

008 - FIXED-LENGTH DATA ELEMENTS

  • fixed length control field: 260506|| aca||aabn | a|a d

040 ## - CATALOGING SOURCE

  • Original cataloging agency: OSt
  • Transcribing agency: OSt

100 ## - HEADING--PERSONAL NAME

  • Personal name: Espinosa, Ignacio Riquelme and Steinert, Isidora Urrutia

670 ## - SOURCE DATA FOUND

  • Source citation: Work cat.: (OSt): Espinosa, Ignacio Riquelme and Steinert, Isidora Urrutia , From the street to the courtroom: The material bridge between law and everyday life

Powered by Koha